000 00645nam a22002297a 4500
003 UA-OsUOA
001 83015
007 ta
008 20120327b un ||||| |||| 00| 0 ukr d
100 _aБредіхин А.В.
700 _aКлиніна Т.С.
090 _a32
_bБ87
942 _cSA
040 _aUA-OsUOA
_bukr
_cUA-OsUOA
_dUA-OsUOA
245 _aОрганізаціна структура англо-американського блоку періоду Другої світової війни
300 _aС.23-29
955 _a0
041 _aukr
080 _a32
773 0 _w83011
650 7 _a32 Політика
_2UDC
999 _c369352
_d369352